Centauros, héroes, druidas (Record no. 30744)

MARC details
000 -LEADER
campo de control de longitud fija 00686nam a2200217 i 4500
001 - NÚMERO DE CONTROL
campo de control 30744
003 - IDENTIFICADOR DE NÚMERO DE CONTROL
campo de control ES-MaACL
005 - FECHA Y HORA DE LA ÚLTIMA TRANSACCIÓN
campo de control 20230906154239.0
007 - CAMPO FIJO DE DESCRIPCIÓN FÍSICA--INFORMACIÓN GENERAL
campo de control de longitud fija t|
008 - DATOS DE LONGITUD FIJA--INFORMACIÓN GENERAL
campo de control de longitud fija 030127s1958 sp ||||1| spa d
100 1# - ENTRADA PRINCIPAL--NOMBRE DE PERSONA
Nombre de persona Bell, Maurice.
9 (RLIN) 27180
245 10 - MENCIÓN DEL TÍTULO
Título Centauros, héroes, druidas
Resto del título : (De Thule a las estepas de Asia) /
Mención de responsabilidad, etc. Maurice Bell ; [traducción del francés por J. Miracle].
250 ## - MENCION DE EDICION
Mención de edición [1ª ed. il. con fot.].
260 ## - PUBLICACIÓN, DISTRIBUCIÓN, ETC.
Lugar de publicación, distribución, etc. [Barcelona] :
Nombre del editor, distribuidor, etc. Aymá,
Fecha de publicación, distribución, etc. 1958 (
Fabricante Salvá)
300 ## - DESCRIPCIÓN FÍSICA
Extensión 216 p. ;
Dimensiones 19 cm.
490 1# - MENCIÓN DE SERIE
Mención de serie Colección Odisea
700 1# - ENTRADA AGREGADA--NOMBRE PERSONAL
Nombre de persona Miracle, J.
9 (RLIN) 81468
830 0# - PUNTO DE ACCESO ADICIONAL DE SERIE-TÍTULO UNIFORME
Título uniforme Colección Odisea
9 (RLIN) 182133
852 ## - LOCALIZACIÓN
Ubicación ES-MaACL
Número de control de estantería C-16000
Sublocalización o colección R.43748
Holdings
Estatus retirado Estado de pérdida Estado de daño No para préstamo Biblioteca de origen Biblioteca actual Ubicación en estantería Fecha de adquisición Fuente de adquisición Total de préstamos Signatura topográfica completa Código de barras Visto por última vez Precio de reemplazo Tipo de ítem Koha
        Biblioteca del Ateneo de Madrid Biblioteca del Ateneo de Madrid Ficheros 17/01/2008     C-16000 1031756 23/02/2023 23/02/2023 Libro impreso